000 00734nam a2200145Ia 4500
008 171212s9999 xx 000 0 und d
020 _a9781921313851
100 _aTange, Sir Arthur;Edwards, Peter
245 _cTange, Sir Arthur;Edwards, Peter
_aDefence Policy-Making
_bA Close-Up View, 1950-1980 - A Personal Memoir
260 _bANU E Press
_c2008
440 _aStrategic and Defence Studies Centre (SDSC)
650 _aPolitical Science
650 _aTange, Arthur, Sir, 1914-2001; Australia; Dept. of Defence -- Officials and employees -- Biography; Civil service -- Australia -- Biography; National security -- Australia -- History; Australia -- Military policy -- History
856 _uwww.jstor.org/stable/10.2307/j.ctt24hdjf
999 _c351066
_d351066